Préfectures françaises avec la lettre N - Statistiques

Statistiques générales
  • Ce quiz a été pris 138 fois
  • Le résultat moyen est 37 sur 53
Statistiques - réponses
Réponses % Correct
Nantes
94%
Nimes
89%
Nancy
88%
Nevers
88%
Nice
88%
Niort
87%
Nanterre
83%
Rennes
79%
Toulon
79%
Annecy
78%
Orleans
77%
Angers
76%
Clermont ferrand
76%
Montpellier
76%
Saint denis
76%
Caen
75%
Dijon
75%
Grenoble
75%
Perpignan
75%
Saint etienne
75%
Vannes
75%
Amiens
73%
Lyon
73%
Rouen
73%
Avignon
72%
Besancon
72%
La roche sur yon
72%
Le Mans
72%
Angouleme
71%
Montauban
71%
Carcassonne
70%
Laon
70%
Mont de marsan
70%
Agen
68%
Mende
68%
Alencon
67%
Cayenne
67%
Saint brieuc
65%
Melun
64%
Valence
64%
Macon
63%
Epinal
62%
Moulins
62%
Chalons en champagne
60%
Digne les bains
59%
Fort de france
58%
Saint lo
57%
Lons le saunier
56%
Chaumont
55%
Bobigny
52%
Bourg en bresse
45%
Le puy en velay
45%
Évry courcouronnes
39%
Aucun quiz correspondant
Distribution des résultats
% des personnes avec chaque résultat
Percentile par nombre de réponses
Votre historique - résultats
Vous n’avez pas pris ce quiz